| 000 | 02508nam0a2200469 4500 | ||
|---|---|---|---|
| 001 | rc\3033819 | ||
| 005 | 20260204000000.0 | ||
| 035 | _a(NLR Aleph) 007174591 | ||
| 090 |
_a15148 _c15148 |
||
| 100 | _a20111003d1944 u y0rusy50 ca | ||
| 101 | 0 | _arus | |
| 102 | _aRU | ||
| 105 | _aa|||z|||000zy | ||
| 135 | _acrcn 024anaba | ||
| 200 | 1 |
_aИзготовление и ремонт простейшего строительного инструмента и приспособлений _fА. Н. Стариков _gНаучно-исследовательский институт коммунального хозяйства Исполкома Ленгорсовета |
|
| 210 |
_a[Ленинград] _cЛенинградское газетно-журнальное и книжное изд-во _d1944 |
||
| 215 |
_a31, [1] с. _cил. _d20,0х13,2х03 |
||
| 325 | _aКопия доступна в Электрон. б-ке РНБ | ||
| 606 | 1 |
_aСтроительные инструменты и приспособления _xРемонт _2nlr_sh2 _3RU\NLR\AUTH\6601683512 |
|
| 606 | 1 |
_aСтроительные инструменты и приспособления _xПроизводство _2nlr_sh1 _2nlr_sh2 _3RU\NLR\AUTH\661053417 |
|
| 686 | 1 | _aК731 | |
| 686 | 1 | _aН6-5-083 | |
| 700 | 1 |
_aСтариков _bА. Н. _cканд. техн. наук, строительство _gАлексей Николаевич _3RU\NLR\AUTH\770227297 |
|
| 801 | 0 |
_aRU _bNLR _gpsbo |
|
| 801 | 1 |
_aRU _bELAR _2rusmarc |
|
| 852 |
_aNLR _jII Л3-80/1-24 |
||
| 852 |
_aNLR _jТ80 Г-4/447 |
||
| 856 | 0 | _uhttps://vivaldi.nlr.ru/bx000025393/view | |
| 856 | 1 | _uhttps://vivaldi.nlr.ru/bx000025393/cover | |
| 856 | 2 | _uhttps://vivaldi.nlr.ru/bx000025393/text | |
| 942 | _cBOOK | ||
| 945 | _aРоссийская национальная библиотека | ||
| 980 | 3 | _akpnscan | |
| 980 | _aNB | ||
| 980 | _aBV | ||
| 981 | 3 | 7 |
_a(37) Ленинград в Великой Отечественной войне _b(37) Книги блокадного Ленинграда |
| 981 | 2 | 0 |
_a(20) Книжные памятники РНБ _b(20) Русский книжный фонд |